[Event "1st Goa GM Open 2018"]
[Site "Taleigao"]
[Date "2018.10.14"]
[Round "2"]
[White "Laxman, R.R."]
[Black "Anadkat Kartavya"]
[Result "1-0"]
[WhiteElo "2443"]
[BlackElo "2109"]
[Annotator "TA"]
[PlyCount "53"]
[EventDate "2018.10.13"]
[EventType "swiss"]
[EventCountry "IND"]
[SourceTitle "playchess.com"]
[Source "ChessBase"]
[SourceQuality "1"]

{[%evp 9,53,38,58,0,34,43,27,24,42,48,50,38,64,64,86,88,73,78,101,64,74,75,116,116,119,104,203,220,204,210,234,231,278,225,371,365,488,419,428,349,866,881,903,892,1898,1900]} 1. d4 Nf6 2. Nf3 g6 3. c4 Bg7 4. Nc3 O-O 5. Bg5 c5 6. dxc5 {E61: King's Indian: Early deviations for White, including Smyslov System} ({White should play} 6. d5 $14) (6. d5 d6 7. e3 a6 8. Nd2 h6 9. Bh4 e6 10. a4 exd5 11. cxd5 Nbd7 12. Be2 Qe7 13. O-O Ne5 14. h3 g5 15. Bg3 Bf5 {½-½ (45) Hansen,S (2590)-Van Kampen,R (2643) Germany 2016}) 6... Qa5 7. Qd2 Qxc5 8. e3 $146 {White has an edge.} ({Predecessor:} 8. Rc1 Ng4 9. e3 h6 10. Bh4 Nc6 11. Nd5 a5 12. h3 Nge5 13. Nd4 g5 {0-1 (43) Zyla,J (2305)-Socko,B (2435) Krynica 1997}) 8... Nc6 9. Be2 d6 10. O-O Bf5 11. Bxf6 $1 exf6 12. Nd5 {[#] Threatens to win with b4.} a5 13. Nd4 {[%cal Bf3d4,Bd4b5,Bb5d6][%mdl 32]} Bd7 14. Rad1 f5 15. Nb5 Rad8 16. a3 {[#] Black must now prevent b4.} a4 17. Ndc3 Ne5 (17... Ne7 $16) 18. Nxa4 $18 (18. Qxd6 Qxd6 19. Nxd6 (19. Rxd6 Bxb5 20. Nxb5 Rxd6 $14) 19... Bc6 $16) 18... Qc6 19. Qb4 Be6 {[%cal Re6c4]} 20. Nxd6 g5 21. f4 {[%cal Bf2f4,Bf4f5,Bf5f6][%mdl 32]} ({Much less strong is} 21. Nxb7 Rb8 $18) 21... Ng4 (21... gxf4 {was called for.} 22. exf4 Nxc4) 22. Bf3 Qa6 23. Bxg4 fxg4 24. f5 Bd7 $2 (24... Be5 25. c5 (25. Nxb7 Rxd1 26. Rxd1 Bxc4 $18) 25... Bd7) 25. Nc5 {White is clearly winning.} Qa7 26. f6 Bh8 27. Nxd7 {Precision: White = 71%, Black = 28%.} 1-0

[Event "1st Goa GM Open 2018"]
[Site "Taleigao"]
[Date "2018.10.14"]
[Round "2"]
[White "Vardan Nagpal"]
[Black "Lokesh, N.."]
[Result "1-0"]
[WhiteElo "2433"]
[BlackElo "2104"]
[Annotator "ChessBase"]
[PlyCount "93"]
[EventDate "2018.10.13"]
[EventType "swiss"]
[EventCountry "IND"]
[SourceTitle "playchess.com"]
[Source "ChessBase"]
[SourceQuality "1"]
[TimeControl "5400+30"]

1. d4 {[%emt 0:00:00]} Nf6 {[%emt 0:03:53]} 2. Nf3 {[%emt 0:00:00]} e6 {[%emt 0:00:08]} 3. Bf4 {[%emt 0:00:00]} d5 {[%emt 0:01:02]} 4. e3 {[%emt 0:00:00]} c5 {[%emt 0:00:32]} 5. c3 {[%emt 0:00:01]} Nc6 {[%emt 0:00:05]} 6. Nbd2 {[%emt 0:00:06]} Bd6 {[%emt 0:01:38]} 7. Bg3 {[%emt 0:00:05]} O-O {[%emt 0:00:25]} 8. Bb5 {[%emt 0:00:04]} Ne7 {[%emt 0:14:21]} 9. Bd3 {[%emt 0:00:08]} Nf5 {[%emt 0:20:39]} 10. Bxf5 {[%emt 0:00:22]} exf5 {[%emt 0:00:06]} 11. Bxd6 {[%emt 0:00:04]} Qxd6 {[%emt 0:00:07]} 12. dxc5 {[%emt 0:00:03]} Qxc5 {[%emt 0:00:08]} 13. O-O {[%emt 0:00:04]} Qc7 {[%emt 0:07:34]} 14. Nb3 {[%emt 0:15:14]} f4 {[%emt 0:07:05]} 15. exf4 {[%emt 0:04:03]} Qxf4 {[%emt 0:00:07]} 16. Qd2 {[%emt 0:00:11]} Qxd2 {[%emt 0:02:58]} 17. Nfxd2 {[%emt 0:00:20]} Bf5 {[%emt 0:00:24]} 18. Rfe1 {[%emt 0:14:19]} Rfe8 {[%emt 0:01:51]} 19. Nf1 {[%emt 0:00:22]} a5 {[%emt 0:20:54]} 20. Rxe8+ {[%emt 0:15:17]} Nxe8 {[%emt 0:00:19]} 21. Ne3 {[%emt 0:00:05]} Be6 {[%emt 0:00:59]} 22. a4 {[%emt 0:00:09]} Nd6 {[%emt 0:07:24]} 23. Rd1 {[%emt 0:00:44]} Nc4 {[%emt 0:07:29]} 24. Nxc4 {[%emt 0:00:38]} dxc4 {[%emt 0:00:02]} 25. Nc5 {[%emt 0:00:02]} Rb8 {[%emt 0:01:26]} 26. Rd6 {[%emt 0:15:16]} b6 {[%emt 0:00:50]} 27. Na6 {[%emt 0:10:12]} Re8 {[%emt 0:00:21]} 28. Rxb6 {[%emt 0:00:16]} Bd7 {[%emt 0:00:28]} 29. f3 {[%emt 0:05:25]} Bxa4 {[%emt 0:00:07]} 30. Kf2 {[%emt 0:00:47]} Kf8 {[%emt 0:00:57]} 31. Nc5 {[%emt 0:00:39]} Bd1 {[%emt 0:00:33]} 32. Rd6 {[%emt 0:03:24]} Bc2 {[%emt 0:00:21]} 33. Rd4 {[%emt 0:01:15]} Bb3 {[%emt 0:00:44]} 34. Nd7+ {[%emt 0:00:43]} Ke7 {[%emt 0:00:24]} 35. Nb6 {[%emt 0:02:10]} Rb8 {[%emt 0:00:25]} 36. Nd5+ {[%emt 0:00:10]} Ke6 {[%emt 0:00:38]} 37. Ne3 {[%emt 0:01:12]} Ba2 {[%emt 0:00:32]} 38. Rd2 {[%emt 0:00:21]} Rc8 {[%emt 0:00:33]} 39. Ke2 {[%emt 0:01:49]} Bb1 {[%emt 0:00:10]} 40. Rd4 {[%emt 0:00:05]} Rb8 {[%emt 0:00:47]} 41. Nxc4 {[%emt 0:03:58]} Ba2 {[%emt 0:00:05]} 42. Nxa5 {[%emt 0:00:06]} Rxb2+ {[%emt 0:00:20]} 43. Rd2 {[%emt 0:00:00]} Rxd2+ {[%emt 0:00:37]} 44. Kxd2 {[%emt 0:00:01]} Kd5 {[%emt 0:00:13]} 45. Kc2 {[%emt 0:00:05]} Kc5 {[%emt 0:01:15]} 46. Nb3+ {[%emt 0:01:32]} Kd5 {[%emt 0:00:27]} 47. Kb2 {[%emt 0:00:51]} 1-0

[Event "1st Goa GM Open 2018"]
[Site "Taleigao"]
[Date "2018.10.14"]
[Round "2"]
[White "Bakunts, Rafael"]
[Black "Venkata Ramana, J."]
[Result "1-0"]
[WhiteElo "2427"]
[BlackElo "2086"]
[Annotator "TA"]
[PlyCount "90"]
[EventDate "2018.10.13"]
[EventType "swiss"]
[EventCountry "IND"]
[SourceTitle "playchess.com"]
[Source "ChessBase"]
[SourceQuality "1"]

{[%evp 14,90,24,26,26,25,25,27,24,26,33,27,26,18,27,16,25,17,27,28,32,23,24,5,33,29,35,33,42,-14,-13,-35,-34,-34,-34,-175,-168,-172,-170,-166,-173,-189,-156,-182,-183,-272,-291,-391,-234,-226,-225,-214,-208,-215,-214,-210,-198,-231,-241,-227,-158,-233,-237,-214,-219,-577,-577,-1443,-1419,-1238,-1291,-1135,-1145,-1443,-770,-1443,-523,-720,-691]} 1. b3 e5 2. Bb2 d6 3. e3 Nc6 4. c4 g6 5. Nf3 Bg7 6. d4 {A01: Nimzowitsch-Larsen Opening} exd4 7. Nxd4 Nxd4 8. Bxd4 {LiveBook: 5 Games. White has an edge.} Bxd4 (8... Nf6 9. Be2 O-O 10. O-O Re8 11. Bf3 c6 {1-0 (55) Fedoseev,V (2707)-Vitiugov,N (2730) Satka 2018}) 9. Qxd4 Qf6 10. Nc3 Qxd4 $146 ({Predecessor:} 10... Be6 11. Nb5 Qxd4 12. exd4 Kd8 13. f3 {0-1 (51) Khotenashvili,B (2513)-Harika,D (2507) Khanty-Mansiysk 2014}) 11. exd4 Bf5 12. f3 h5 13. h4 O-O-O 14. Nd5 Be6 15. Nf4 Bd7 16. Bd3 Ne7 17. Kd2 c6 18. b4 Rdg8 19. a4 Bf5 20. Be2 Bd7 21. d5 ({White should play} 21. a5 $14) 21... cxd5 $11 22. cxd5 g5 23. hxg5 Rxg5 24. Bc4 (24. Ke3 $15) 24... Ng6 $19 25. Nxg6 Rxg2+ 26. Ke3 fxg6 27. Rag1 Re8+ 28. Kd4 Rd2+ 29. Kc3 (29. Bd3 $142) 29... Rf2 30. Rxg6 Rxf3+ (30... Bf5 $142 31. Rg3 Re3+ 32. Kd4 Ra3) 31. Kd2 Rf2+ ({Much less strong is} 31... Bxa4 32. Rxd6 Rf2+ 33. Kc3) 32. Kc3 Bf5 ({Don't do} 32... Bxa4 33. Rxd6 Kb8 34. Ra1) 33. Rg3 {[#]} Bg4 $1 34. Bd3 Rf4 35. Rf1 Rxf1 36. Bxf1 {[%mdl 4096] Endgame KRB-KRB} Re4 37. a5 (37. Bd3 $17 {was called for.} Rf4 38. Re3) 37... Kd7 38. Bd3 Rf4 39. Re3 $2 {[#]} (39. a6 {is more resistant.}) 39... Rf3 {Black is clearly winning.} 40. Rxf3 Bxf3 {KB-KB} 41. Kd4 h4 42. Bf5+ Ke7 43. Be6 Kf6 44. Ke3 Bh5 (44... Bg2 $142 45. Kf4 b6) 45. Kf4 Bf7 {[%mdl 32768] Precision: White = 34%, Black = 76%. . Loss on Time!?} 1-0

[Event "1st Goa GM Open 2018"]
[Site "Taleigao"]
[Date "2018.10.14"]
[Round "2"]
[White "Akash G"]
[Black "Nayak Rajesh"]
[Result "1/2-1/2"]
[WhiteElo "2424"]
[BlackElo "2084"]
[Annotator "TA"]
[PlyCount "154"]
[EventDate "2018.10.13"]
[EventType "swiss"]
[EventCountry "IND"]
[SourceTitle "playchess.com"]
[Source "ChessBase"]
[SourceQuality "1"]

{[%evp 21,154,0,25,21,25,16,25,0,47,-40,-23,-35,-9,-56,-57,-52,-33,-36,-42,-51,-42,-50,-42,-44,0,-50,0,-50,0,-54,0,-43,-21,-23,-7,-22,0,-26,-21,-39,0,0,0,0,0,-27,0,9,9,0,16,0,0,-1,-9,-60,-62,-178,0,0,0,-2,-1,-5,0,-8,-7,-15,-17,-18,8,0,0,0,0,0,0,0,0,0,0,0,0,0,0,0,0,0,0,0,0,0,0,0,0,0,0,0,0,0,0,0,0,0,0,0,0,0,0,0,0,0,0,0,0,0,0,0,0,0,0,0,0,0,0,0,0,0,0,0,0,0,0,0,0]} 1. e4 c5 2. Nf3 d6 3. d4 cxd4 4. Nxd4 Nf6 5. Nc3 a6 6. h3 e5 7. Nde2 h5 {B90: Sicilian Najdorf: Unusual White 6th moves, 6 Be3 Ng4 and 6 Be3 e5} (7... b5 8. Ng3 Nbd7 9. Bg5 h6 10. Be3 Bb7 11. Bd3 h5 12. Bg5 g6 13. O-O Be7 14. a3 h4 15. Nge2 Nc5 16. Bxf6 Bxf6 {1-0 (48) Dominguez Perez,L (2739)-Vachier Lagrave,M (2779) chess.com INT 2018}) 8. Bg5 Be6 9. Bxf6 Qxf6 10. Nd5 Qd8 11. Nec3 Nd7 {LiveBook: 25 Games} 12. Bc4 Rc8 13. Qe2 g6 14. Ne3 $146 (14. a4 {keeps more tension.} Bg7 15. a5 O-O 16. O-O Qg5 17. Kh1) ({Predecessor:} 14. O-O Bh6 15. a4 {0-1 (31) Guerra Rivera,S (2179)-Garriga Cazorla,P (2403) Lorca 2015}) 14... Qa5 15. Bxe6 (15. O-O $14) 15... fxe6 $15 16. O-O Be7 17. Qf3 Rf8 18. Qe2 Kf7 19. a3 Kg7 20. Rad1 Qb6 21. Nc4 Qc5 22. Nd2 Qb6 23. Nc4 Qc5 24. Nd2 Qb6 25. Rb1 ({White should play} 25. Nc4 $11 Qc6 26. Ne3) 25... Qc5 (25... Qc6 $15) 26. Nf3 Nb6 27. Rfd1 Rf4 28. Rd3 Rcf8 29. g3 R4f7 30. Kg2 g5 31. Nd1 Qb5 {[#] Threatens to win with ...Rxf3!} 32. Nd2 Kg6 33. Qe3 {Rb3 is the strong threat.} Na4 34. b4 Qc6 35. Rc1 Bd8 36. c4 Bb6 {[#]} 37. c5 $1 $132 {[%mdl 2560] White is not keeping still} dxc5 {White must now prevent ...c4.} 38. Nc4 ({White should try} 38. Qe2 $11) 38... Bc7 $1 {And now ...b5 would win.} 39. bxc5 ({White must play} 39. Nd2 $1 $15) 39... Qxc5 $2 ({Better is} 39... Rf3 $1 $19 {[%cal Rf3e3]} 40. Qxf3 Rxf3 41. Rxf3 Qxe4) 40. Qxc5 $11 {The position is equal.} Nxc5 41. Nxe5+ $1 Bxe5 42. Rxc5 Bb8 43. Rc2 Rc7 44. Rb2 Ba7 45. a4 e5 46. Rd5 Bd4 47. Re2 g4 48. Ne3 Bxe3 49. fxe3 {[%mdl 4096] Endgame KRR-KRR} Re8 50. Rd6+ Kg7 51. Rb2 Ree7 52. hxg4 hxg4 53. Rdb6 Rc4 54. Rxb7 Rxb7 55. Rxb7+ {KR-KR} Kf8 56. a5 {[%cal Ba4a5,Ba5a6,Ba6a7][%mdl 32]} Rxe4 57. Ra7 Rxe3 58. Rxa6 Ra3 59. Ra8+ Kg7 60. a6 Kh7 61. Kf2 Kg7 62. a7 Kh7 63. Ke2 Kg7 64. Kd2 e4 65. Ke2 e3 66. Re8 Rxa7 67. Re4 Kf6 68. Kxe3 Kf5 {( -> ...Ra3+)} 69. Rf4+ Kg5 70. Rd4 Ra3+ 71. Rd3 Ra4 72. Rd5+ Kf6 73. Rd4 Rxd4 74. Kxd4 Kg5 75. Ke4 Kg6 76. Kd3 Kf5 77. Kd4 $1 Kf6 {Precision: White = 57%, Black = 59%.} 1/2-1/2

[Event "1st Goa GM Open 2018"]
[Site "Taleigao"]
[Date "2018.10.14"]
[Round "2"]
[White "Gusain, Himal"]
[Black "Saranya, J."]
[Result "1-0"]
[WhiteElo "2384"]
[BlackElo "2071"]
[Annotator "TA"]
[PlyCount "73"]
[EventDate "2018.10.13"]
[EventType "swiss"]
[EventCountry "IND"]
[SourceTitle "playchess.com"]
[Source "ChessBase"]
[SourceQuality "1"]

{[%evp 19,72,15,21,9,27,4,-23,-10,48,29,20,19,36,33,36,-2,13,-22,83,77,74,54,156,154,168,156,149,165,156,147,169,153,148,122,268,184,275,273,266,269,277,260,258,268,547,379,1020,997,29981,29982,29981,29982,29987,29988,29999]} 1. e4 c5 2. Nf3 d6 3. d4 cxd4 4. Nxd4 Nf6 5. Nc3 a6 6. Bg5 Nbd7 7. Qe2 {B94: Sicilian Najdorf: 6 Bg5 Nbd7} h6 8. Bh4 {[%cal Bg5h4,Bh4f2,Bf2e3][%mdl 32]} g6 9. O-O-O (9. f4 Qc7 10. O-O-O Bg7 11. g4 e5 12. fxe5 Nxe5 13. h3 Be6 14. Qf2 Nfd7 {½-½ (26) Carlsen,M (2842)-Svidler,P (2753) Biel 2018}) 9... e5 10. Nb3 Be7 {LiveBook: 31 Games} 11. f3 Qc7 $146 ({Predecessor:} 11... b5 12. a3 Bb7 13. Kb1 Qc7 14. Qd2 Kf8 {½-½ (35) Zhang,Z (2619)-Ponomariov,R (2710) Doha 2015}) 12. Bf2 b5 13. a3 Bb7 (13... Nb6 $11) 14. Be3 Rc8 15. Kb1 h5 16. g3 $36 {[%mdl 2048] Black is under pressure.} Nb6 17. Bh3 (17. Qf2 $5 {[%cal Re3b6]} Nc4 18. Bxc4 bxc4 19. Nd2 $11) 17... Rd8 18. Na5 Bc8 (18... Ba8 $1 $11 {remains equal.}) 19. Bxc8 $16 Rxc8 20. Qd2 Nc4 ({Better is} 20... Nbd7 $14 21. Nb3 Nb6) 21. Nxc4 Qxc4 22. Bg5 Rc6 23. Bxf6 Bxf6 24. Nd5 Bd8 25. h4 a5 26. Rh2 {[%cal Bh1h2,Bh2g2,Bg2g4][%mdl 32]} f6 (26... Kf8 $16 27. Re2 Kg7) 27. Rg2 Rh7 (27... b4 {was called for.} 28. axb4 axb4 29. Qxb4 Qxb4 30. Nxb4 Rb6) 28. g4 $18 hxg4 29. Rxg4 g5 30. hxg5 fxg5 31. Rg2 {[#] Strongly threatening Rh2.} b4 $2 (31... Kd7 32. Ne3 Qd4) 32. b3 Qa6 $2 (32... Qd4 33. Qxd4 (33. axb4 Qxd2 34. Rgxd2 axb4 $18) 33... exd4 34. axb4 axb4 35. Rxd4 Rc8 36. Rxb4 Rh3) 33. Rxg5 Rf7 34. Rg8+ {White mates.} Kd7 35. Qg2 Rc8 36. Qg6 Rf4 37. Qe8# {Precision: White = 66%, Black = 28%.} 1-0

[Event "1st Goa GM Open 2018"]
[Site "Taleigao"]
[Date "2018.10.14"]
[Round "2"]
[White "Gusain, Himal"]
[Black "Saranya, J."]
[Result "*"]
[WhiteElo "2384"]
[BlackElo "2071"]
[Annotator "TA"]
[PlyCount "32"]
[EventDate "2018.10.13"]
[EventType "swiss"]
[EventCountry "IND"]
[SourceTitle "playchess.com"]
[Source "ChessBase"]
[SourceQuality "1"]

{[%evp 7,7,29]} 1. e4 c5 2. Nf3 d6 3. d4 cxd4 4. Nxd4 {Predecessor:} Nf6 $146 5. Nc3 a6 6. f3 e5 7. Nb3 Be6 8. Be3 h5 9. Nd5 Bxd5 10. exd5 Nbd7 11. Qd2 g6 12. Be2 Rc8 13. c4 Bg7 14. O-O O-O 15. Na5 Qc7 16. Rac1 e4 {1-0 (52) Duda,J (2737)-Karjakin,S (2773) chess.com INT 2018} *

[Event "1st Goa GM Open 2018"]
[Site "Taleigao"]
[Date "2018.10.14"]
[Round "2"]
[White "Dhulipalla Bala Chandra Prasa"]
[Black "Srihari L R"]
[Result "1/2-1/2"]
[WhiteElo "2380"]
[BlackElo "2170"]
[Annotator "NA"]
[PlyCount "31"]
[EventDate "2018.10.13"]
[EventType "swiss"]
[EventCountry "IND"]
[SourceTitle "playchess.com"]
[Source "ChessBase"]
[SourceQuality "1"]
[TimeControl "5400+30"]

1. d4 Nf6 2. c4 g6 3. g3 Bg7 {Predecessor:} 4. Bg2 $146 O-O 5. Nc3 Nc6 6. Nf3 d5 7. cxd5 Nxd5 8. O-O e5 9. Nxd5 e4 10. Nd2 Qxd5 11. e3 f5 12. b3 Be6 13. Ba3 Rfd8 14. Rc1 Qd7 15. Qc2 Rac8 16. Rfd1 {0-1 (91) Duda,J (2737)-Grischuk,A (2766) chess.com INT 2018} 1/2-1/2

[Event "1st Goa GM Open 2018"]
[Site "Taleigao"]
[Date "2018.10.14"]
[Round "2"]
[White "Surendran N"]
[Black "Kravtsiv, Martyn"]
[Result "0-1"]
[WhiteElo "2210"]
[BlackElo "2654"]
[Annotator "TA"]
[PlyCount "67"]
[EventDate "2018.10.13"]
[EventType "swiss"]
[EventCountry "IND"]
[SourceTitle "playchess.com"]
[Source "ChessBase"]
[SourceQuality "1"]

{[%evp 13,67,0,0,0,0,0,-9,-10,-10,0,0,-8,-6,-29,-21,-29,-21,-49,-58,-57,-38,-46,-44,-51,-25,-42,-41,-41,-23,-25,-24,-31,-16,-64,-39,-43,-9,-75,-73,-75,-68,-68,-50,-73,-60,-71,-62,-76,-47,-47,0,-45,-44,-1182,-1162,-1157]} 1. d4 Nf6 2. Nf3 e6 3. c4 d5 4. Nc3 Nbd7 5. Bg5 Bb4 6. Qb3 c5 7. cxd5 exd5 8. dxc5 {D38: Queen's Gambit Declined: Ragozin Defence (4 Nf3 Bb4)} (8. a3 Bxc3+ 9. Qxc3 c4 10. Nd2 O-O 11. e3 h6 12. Bh4 Qe8 13. f3 b5 14. Kf2 a5 15. g4 Qe7 16. Bg3 {1-0 (57) Alekseev,E (2716)-Eljanov,P (2693) Nalchik 2009 CBM 130 [Krasenkow,M]}) 8... Qa5 9. a3 Bxc3+ $1 10. Qxc3 {The position is equal.} Qxc3+ 11. bxc3 Ne4 12. Be3 Ndxc5 13. Bd4 O-O 14. e3 Be6 15. Rb1 Rfc8 16. Be2 $146 a6 17. O-O b5 18. Bd1 Bg4 19. Rb2 Ne6 20. h3 Nxd4 21. cxd4 Bxf3 22. Bxf3 Nc3 23. Be2 Kf8 24. Bd3 Rc6 25. f3 (25. Bxh7 $2 g6 $19) (25. Bc2 $11) 25... Na4 $17 26. Rb3 Rac8 27. Kf2 ({But not} 27. Bxh7 $2 g6 $19) 27... Rc1 28. Rxc1 ({Don't go for} 28. Bxh7 $2 Rxf1+ 29. Kxf1 g6 $19) 28... Rxc1 $15 {[%mdl 4096] Endgame KRB-KRN} 29. e4 ({Don't blunder} 29. Bxh7 $2 g6 $19) 29... g6 30. Ke3 Rg1 31. g4 dxe4 32. Kxe4 Ke7 33. d5 $2 {[%mdl 8192] [#]} (33. Kf4 $15) 33... Nc5+ $19 34. Kd4 {Precision: White = 45%, Black = 63%.} 0-1

[Event "1st Goa GM Open 2018"]
[Site "Taleigao"]
[Date "2018.10.14"]
[Round "2"]
[White "Niraj, Saripalli"]
[Black "Predke, Alexandr"]
[Result "0-1"]
[WhiteElo "2206"]
[BlackElo "2615"]
[Annotator "TA"]
[PlyCount "112"]
[EventDate "2018.10.13"]
[EventType "swiss"]
[EventCountry "IND"]
[SourceTitle "playchess.com"]
[Source "ChessBase"]
[SourceQuality "1"]

{[%evp 12,112,14,25,27,21,33,31,21,25,31,-10,-14,-15,-13,-6,-17,-29,7,18,21,-5,8,8,8,8,8,7,22,-14,-17,-20,-15,-39,-15,-32,-33,-19,-24,-30,-8,-6,-10,-20,-11,-38,0,0,0,-31,-34,-182,-171,-243,-243,-247,-246,-367,-367,-641,-418,-433,-395,-394,-395,-335,-393,-361,-385,-348,-347,-386,-383,-368,-372,-500,-490,-479,-476,-572,-549,-573,-562,-535,-524,-564,-556,-509,-497,-758,-645,-1723,-2108,-1770,-4132,-1636,-1476,-5065,-5095,-3897,-1975,-1470,-1452]} 1. e4 c5 2. c3 Nf6 3. e5 Nd5 4. Nf3 Nc6 5. Bc4 Nb6 6. Bb3 c4 7. Bc2 d6 {B22: Sicilian: 2 c3} 8. Qe2 (8. exd6 Qxd6 9. O-O g6 10. b3 Bg7 11. Na3 cxb3 12. axb3 O-O 13. Nc4 Nxc4 14. bxc4 Be6 15. Qe2 Qc5 16. Ra4 Na5 17. d4 Qc7 18. Bd3 Rac8 19. Bf4 Qxf4 20. Rxa5 {½-½ (31) Piorun,K (2633)-Wojtaszek,R (2750) Warsaw 2018}) 8... Bg4 9. exd6 Qxd6 {White is slightly better.} 10. Na3 {[%cal Bb1a3,Ba3c2,Bc2e3][%mdl 32]} Qe6 11. d3 $146 {[%cal Ra3c4]} (11. b3 {with more complications.} Qxe2+ 12. Kxe2 cxb3 13. axb3 e6 14. Nc4) ({Predecessor:} 11. Qxe6 Bxe6 12. O-O O-O-O 13. Ng5 Bd5 14. Nxh7 Rxh7 15. Bxh7 g6 16. h4 e6 {0-1 (39) Kopasz,R (2333)-Izso,D (2355) Hungary 2013}) 11... Qxe2+ 12. Kxe2 cxd3+ 13. Bxd3 e5 14. Nc2 Nd5 15. h3 Bh5 16. Be4 Nf6 17. Bxc6+ $1 bxc6 18. g4 Bg6 19. Ne3 h5 {[#] aiming for ...hxg4.} 20. Nxe5 (20. g5 {seems wilder.} Nd7 21. Nh4 Bh7 22. Rd1 Rb8 23. Nc4) 20... hxg4 {Threatens to win with ...Be4.} 21. Nxg6 fxg6 22. h4 O-O-O 23. Nc4 Bc5 24. Be3 Bxe3 25. Nxe3 Rde8 26. Kd3 Re4 {Threatening ...g3!} 27. Rag1 Rf4 28. Ke2 Re8 29. Rh2 Rh8 30. Rhh1 Kc7 31. Rd1 {[#]} ({Better is} 31. Rg2 $15) 31... Rb8 $1 $19 32. b3 (32. Rb1 $142) 32... Ne4 $1 {[%csl LRc3,LRf2]} 33. Rd4 Re8 ({Weaker is} 33... Nxc3+ 34. Kd3 $11) ({Stronger than} 33... Rxf2+ 34. Ke1 $11) 34. Rh2 (34. Rxe4 $142 Rfxe4 35. Rg1) 34... g3 35. Rg2 $2 (35. fxg3 Nxg3+ 36. Kd2) 35... Nxc3+ 36. Kd3 Rxd4+ 37. Kxd4 {[%mdl 4096] Endgame KRN-KRN} Ne2+ 38. Kc4 Nf4 ({Don't do} 38... gxf2 39. Nf1 $19) 39. Rxg3 Re4+ 40. Kc3 Ne2+ 41. Kd3 Nxg3 42. fxg3 {KR-KN} Re5 43. Kd4 Ra5 {Black is clearly winning.} 44. a4 g5 45. hxg5 Rxg5 46. g4 Kd7 47. Ke4 Ke6 48. Kf4 Rc5 49. Nf5 g6 50. Nd4+ (50. Ng3 $142) 50... Kd5 51. Nf3 Rc3 52. Nh4 Rxb3 53. Nxg6 Ke6 54. Nf8+ Ke7 55. Ng6+ Kf6 56. Nf8 Rb4+ {Precision: White = 50%, Black = 83%.} 0-1

[Event "1st Goa GM Open 2018"]
[Site "Taleigao"]
[Date "2018.10.14"]
[Round "2"]
[White "Michelle Catherina, P."]
[Black "Idani, Pouya"]
[Result "0-1"]
[WhiteElo "2147"]
[BlackElo "2588"]
[Annotator "TA"]
[PlyCount "68"]
[EventDate "2018.10.13"]
[EventType "swiss"]
[EventCountry "IND"]
[SourceTitle "playchess.com"]
[Source "ChessBase"]
[SourceQuality "1"]

{[%evp 24,68,52,63,53,47,55,38,79,0,0,0,0,0,46,-28,-25,-25,-36,-107,-102,-145,-154,-143,-109,-142,-147,-273,-271,-264,-247,-206,-162,-200,-206,-212,-196,-295,-183,-559,-550,-658,-672,-622,-629,-627,-581]} 1. e4 e5 2. Nf3 Nc6 3. Bb5 a6 4. Ba4 Nge7 5. O-O g6 6. c3 Bg7 7. d4 exd4 8. cxd4 O-O {C60: Ruy Lopez: Unusual Black 3rd moves and 3...g6} (8... b5 9. Bc2 d5 10. exd5 Nb4 11. Bb3 Nbxd5 12. Nc3 O-O 13. Re1 h6 14. h3 Nxc3 15. bxc3 Bb7 16. Ne5 {½-½ (40) Caruana,F (2816)-Giri,A (2782) Leuven 2018}) 9. d5 Na5 10. Nbd2 b5 11. Bc2 d6 12. Rb1 c6 13. b4 {LiveBook: 5 Games} Nc4 14. Nxc4 bxc4 15. dxc6 $1 Bg4 $146 16. h3 (16. Bg5 $16) 16... Bxf3 $1 $11 17. Qxf3 Nxc6 18. Be3 $1 a5 19. a3 ({White should try} 19. b5 $14 Nb4 20. Qe2) 19... axb4 20. axb4 Nd4 $36 {[%mdl 2048] Black has good play.} 21. Qd1 {[#]} (21. Bxd4 $1 $15 Bxd4 22. Qe2) 21... Nb5 $1 $17 22. Qe2 Qc7 23. Rbc1 {intending Bb3!} Ra2 {[%cal Ba8a2,Ba2b2,Bb2b4,Bb4d4,Bd4d2][%mdl 32]} 24. Qf3 Rb2 25. Bd2 (25. h4 $17 {was worth a try.}) 25... Nd4 $19 26. Qd1 c3 ({Much less strong is} 26... Nxc2 27. Rxc2 c3 28. Bf4 $19) 27. Be3 Rxb4 28. Qd3 Re8 29. Bxd4 Rxd4 30. Qf3 (30. Qe3 $142) 30... Rb8 {aiming for ...Rd2.} 31. Ra1 $2 {[#]} (31. Rcd1 {is a better chance.}) 31... Rd2 {Black is clearly winning.} 32. Bd3 c2 33. e5 Bxe5 34. Rac1 Bb2 {Precision: White = 31%, Black = 64%.} 0-1

[Event "1st Goa GM Open 2018"]
[Site "Taleigao"]
[Date "2018.10.14"]
[Round "2"]
[White "Ramnathan, Balasubramaniam"]
[Black "Malakhatko, Vadim"]
[Result "*"]
[WhiteElo "2142"]
[BlackElo "2552"]
[Annotator "TA"]
[PlyCount "38"]
[EventDate "2018.10.13"]
[EventType "swiss"]
[EventCountry "IND"]
[SourceTitle "playchess.com"]
[Source "ChessBase"]
[SourceQuality "1"]

{[%evp 2,2,31]} 1. Nf3 Nf6 {Predecessor:} 2. c4 $146 b6 3. g3 Bb7 4. Bg2 e6 5. O-O Be7 6. Nc3 O-O 7. Re1 d5 8. cxd5 Nxd5 9. e4 Nxc3 10. bxc3 c5 11. d4 Re8 12. d5 exd5 13. exd5 Nd7 14. Nd2 Bf8 15. Rxe8 Qxe8 16. c4 b5 17. cxb5 Nb6 18. a4 Bxd5 19. Bxd5 Nxd5 {½-½ (68) Wei,Y (2742)-Eljanov,P (2703) Batumi 2018} *